Budovanie značky vo vybranom podniku ako súčasť personálneho marketingu diplomová práca

Na minha lista:
Detalhes bibliográficos
Autor principal: Straňáková, Denisa
Autor Corporativo: Fakulta podnikového manažmentu EU. Katedra manažmentu
Outros Autores: Matkovčíková, Natália, 1982-
Formato: Livro
Idioma:eslovaco
Publicado em: Bratislava 2017
Tags: Adicionar Tag
Sem tags, seja o primeiro a adicionar uma tag!

MARC

LEADER 00000nbm a2200000 4500
001 0232217
005 20171219103713.2
041 0 |a slo 
044 |a SK 
245 1 0 |a Budovanie značky vo vybranom podniku ako súčasť personálneho marketingu  |b diplomová práca  |c Denisa Straňáková ; školiteľ: Natália Matkovčíková 
264 1 |a Bratislava  |c 2017 
300 |a 62 s. 
100 1 |a Straňáková, Denisa 
700 1 |a Matkovčíková, Natália, 1982- 
710 2 |a Fakulta podnikového manažmentu EU. Katedra manažmentu